书目信息 |
| 题名: |
满堤红艳立春风
|
|
| 作者: | 花蕊夫人 著 ;曹明纲 撰 | |
| 分册: | ||
| 出版信息: | 上海 上海古籍出版社 2004 |
|
| 页数: | 18,170页 | |
| 开本: | 22cm | |
| 丛书名: | 花非花名媛诗词系列 | |
| 单 册: | ||
| 中图分类: | I222.843.1 | |
| 科图分类: | ||
| 主题词: | 五代诗--选集 | |
| 电子资源: | ||
| ISBN: | 7-5325-3644-0 | |
| 000 | 00936nam0 2200265 450 | |
| 001 | TS2006043942 | |
| 005 | 20061228153553.60 | |
| 010 | @a7-5325-3644-0@dCNY18.00 | |
| 100 | @a20060829d2004 em y0chiy0120 ea | |
| 101 | 0 | @achi |
| 102 | @aCN@b310000 | |
| 105 | @aa z 000gy | |
| 200 | 1 | @a满堤红艳立春风@AMan Di Hong Yan Li Chun Feng@e花蕊夫人诗注评@EHua Rui Fu Ren Shi Zhu Ping@f花蕊夫人著@FHua Rui Fu Ren Zhu@g曹明纲撰 |
| 210 | @a上海@c上海古籍出版社@d2004 | |
| 215 | @a18,170页@c图@d22cm | |
| 225 | 2 | @a花非花名媛诗词系列 |
| 330 | @a本书所收花蕊夫人宫词,辑自《名媛诗归》、《三家宫词》、《蜀中广记》,共收诗107首。 | |
| 410 | 0 | @12001 @a花非花名媛诗词系列 |
| 517 | 1 | @a花蕊夫人诗注评@AHua Rui Fu Ren Shi Zhu Ping |
| 606 | 0 | @a五代诗@y选集 |
| 690 | @aI222.843.1@v4 | |
| 701 | 0 | @a花蕊夫人@AHua Rui Fu Ren@4著 |
| 702 | 0 | @a曹明纲@ACao Ming Gang@4撰 |
| 801 | 0 | @aCN@b中图数据@c20061228 |
| 905 | @a10447@dI222.843.1@e489 | |
| 满堤红艳立春风:花蕊夫人诗注评/花蕊夫人著/曹明纲撰.-上海:上海古籍出版社,2004 |
| 18,170页:图;22cm.-(花非花名媛诗词系列) |
| ISBN 7-5325-3644-0:CNY18.00 |
| 本书所收花蕊夫人宫词,辑自《名媛诗归》、《三家宫词》、《蜀中广记》,共收诗107首。 |
| ● |
| 相关链接 |
|
|
|
|
正题名:满堤红艳立春风
索取号:I222.843.1/489
 
预约/预借
| 序号 | 登录号 | 条形码 | 馆藏地/架位号 | 状态 | 备注 |
| 1 | 0604704 | 206047044 | 第一样本阅览室/ [索取号:I222.843.1/489] | 在馆 | |
| 2 | 0604705 | 206047053 | 第二借阅区/ [索取号:I222.843.1/489] | 在馆 | |
| 3 | 0604706 | 206047062 | 第二借阅区/ [索取号:I222.843.1/489] | 在馆 | |
| 4 | 0604707 | 206047071 | 第二借阅区/ [索取号:I222.843.1/489] | 在馆 | |
| 5 | 0604708 | 206047080 | 第二借阅区/ [索取号:I222.843.1/489] | 在馆 | |
| 6 | 0604709 | 206047099 | 第二借阅区/ [索取号:I222.843.1/489] | 在馆 |